| 000 | 01345nam a22003977a 4500 | ||
|---|---|---|---|
| 003 | CHAP | ||
| 005 | 20240513094929.0 | ||
| 008 | 080509d2000 co r 00010 spa d | ||
| 010 | _a94783 | ||
| 011 | _a95755 | ||
| 020 | _a9588060176 | ||
| 035 | _a106385 | ||
| 040 | _cCHAP | ||
| 082 | 0 | 4 |
_a627 _bR61 |
| 100 | 1 |
_aRodríguez Díaz, Héctor Alfonso. _998451 |
|
| 245 | 1 | 0 |
_aHidráulica experimental _c/por Héctor Alfonso Rodríguez Díaz |
| 260 |
_aBogotá : _bEscuela Colombiana de Ingeniería, _c2000 |
||
| 300 |
_a337 p. : _bilus., gráfs., cuadros + 1 CD 4 3/4 plgs. |
||
| 590 |
_aBATCH-UPD _b10 _c20130110 |
||
| 590 |
_aBATCH-UPD _b10 _c20130110 |
||
| 590 |
_aBATCH-UPD _b10 _c20130409 |
||
| 590 |
_aBATCH-UPD _b10 _c20130410 |
||
| 590 |
_aBATCH-UPD _b10 _c20130914 |
||
| 590 |
_aCONVERSION _b10 _c20130109 |
||
| 650 | 1 | 4 |
_aCanales. _918255 |
| 650 | 1 | 4 |
_aHidráulica. _955219 |
| 650 | 1 | 4 |
_aHidráulica _xEstudio y enseñanza. _955223 |
| 650 | 1 | 4 |
_aHidráulica _xLaboratorios. _955226 |
| 650 | 1 | 4 |
_aIngeniería hidráulica. _958235 |
| 650 | 1 | 4 |
_aMecánica de fluídos. _973821 |
| 901 | _aBK | ||
| 911 | _aen proceso | ||
| 942 |
_cLIBRO _2ddc |
||
| 949 |
_a627 R61 _bBC _cLIBRO _d33724002046660 _eLIBRO _gI.c/e. _h109481 _i106385 _si _t$435.00 |
||
| 949 |
_a627 R61 _bBC _cLIBRO _d33724002068132 _eLIBRO _fc.2 _gI.c/e _h110140 _i106385 _si _t$400.00 |
||
| 999 |
_c94783 _d94783 |
||